[Event "Euro Online U2300 Day 2"]
[Site "chess.com INT"]
[Date "2020.05.26"]
[Round "5"]
[White "Timagin, Petr"]
[Black "Kashtanov, Ruslan"]
[Result "1-0"]
[WhiteTitle "FM"]
[BlackTitle "IM"]
[WhiteElo "2337"]
[BlackElo "2376"]
[WhiteFideId "4137698"]
[BlackFideId "4124871"]
[EventDate "2020.05.26"]

1. e4 c5 2. Nc3 a6 3. g4 b5 4. Bg2 Bb7 5. Nh3 e6 6. d3 d5 7. O-O d4 8. Ne2 Nf6
9. g5 Nfd7 10. Ng3 e5 11. f4 Nc6 12. f5 Qb6 13. Qh5 g6 14. fxg6 fxg6 15. Qe2
O-O-O 16. Nf2 Kb8 17. Ng4 c4 18. Nf6 Nxf6 19. gxf6 Rc8 20. Bd2 Rc7 21. Bh3 c3
22. Be1 cxb2 23. Rb1 Ba3 24. Be6 Rf8 25. Bb3 a5 26. Bf2 a4 27. Bd5 Qa5 28. f7
Nb4 29. Be1 Qb6 30. Bxb4 Bxb4 31. Rxb2 Ba3 32. Rbb1 Bd6 33. Rf6 Bxd5 34. exd5
Rfxf7 35. Rxf7 Rxf7 36. Ne4 Bc7 37. Qg4 Rf5 38. Qh4 Bd8 39. Qxh7 Qc7 40. Rxb5+
Ka7 41. Qxc7+ Bxc7 42. d6 Bb6 43. d7 Rf8 44. Rxe5 Rd8 45. Re7 Kb7 46. Rg7 Kc7
47. Nf6 Rb8 48. d8=Q+ Kxd8 49. Rg8+ Kc7 50. Rxb8 Kxb8 51. Kg2 Kc7 52. Kf3 Kd6
53. Kg4 Bd8 54. Ne4+ Kc6 55. Nd2 Kb5 56. a3 Be7 57. Nc4 Kc5 58. Kf4 Kd5 59. Kf3
Bc5 60. h3 Ke6 61. Kg4 Kf6 62. Kf4 Ke6 63. Ke4 Be7 64. Nb6 Bxa3 65. Nxa4 1-0

[Event "Euro Online U2300 Day 2"]
[Site "chess.com INT"]
[Date "2020.05.26"]
[Round "5"]
[White "Astafurov, Arseniy"]
[Black "Tevzadze, Mariam"]
[Result "0-1"]
[WhiteTitle "FM"]
[WhiteElo "2330"]
[BlackElo "1834"]
[WhiteFideId "24175218"]
[BlackFideId "13605470"]
[EventDate "2020.05.26"]

1. c4 f5 2. Nf3 Nf6 3. Nc3 g6 4. d3 Bg7 5. e4 fxe4 6. dxe4 d6 7. h3 e5 8. c5 Be6
9. cxd6 cxd6 10. Be2 Nc6 11. O-O O-O 12. Ng5 Qe7 13. Nxe6 Qxe6 14. Nd5 Qd7 15.
Nxf6+ Bxf6 16. Be3 Nd4 17. Bc4+ Kg7 18. Kh2 g5 19. Qh5 Qe8 20. Qd1 Rc8 21. Rc1
Qd7 22. Qh5 Qe8 23. Qg4 Rc7 24. Bd5 Qd8 25. Rxc7+ Qxc7 26. Bxg5 Bxg5 27. Qxg5+
Kh8 28. Rc1 Qd7 29. Rc3 Ne2 30. Rb3 b6 31. Bc4 Nf4 32. Rg3 Ng6 33. Qh6 Qg7 34.
Qd2 Qe7 35. a3 Rf4 36. Qd5 Qf8 37. f3 Kg7 38. Qb7+ Kh6 39. Qxa7 Rh4 40. Qf7 Qxf7
41. Bxf7 Nh8 42. Be8 Ng6 43. Bxg6 hxg6 44. Rg4 Rh5 45. Kg3 Kg7 46. Rh4 Rg5+ 47.
Kf2 b5 48. Ke3 Rxg2 49. Kd3 Rxb2 50. Kc3 Rf2 51. Kb4 Rxf3 52. Kxb5 Rxa3 53. Kc6
Rd3 54. Rg4 Kf6 55. h4 Rd4 56. Kd7 d5 57. Kc6 Rxe4 58. Rg1 Rd4 59. Kc5 Rd2 60.
Rf1+ Kg7 61. Kd6 e4 62. Ke5 e3 63. Re1 d4 64. Ke4 Kh6 65. Kf3 Kh5 66. Kf4 e2 67.
Ke4 d3 68. Ke3 Rd1 0-1

[Event "Euro Online U2300 Day 2"]
[Site "chess.com INT"]
[Date "2020.05.26"]
[Round "5"]
[White "Dalkowski, Rafal"]
[Black "Laux, Dominik"]
[Result "0-1"]
[WhiteElo "1877"]
[BlackElo "2009"]
[WhiteFideId "21862460"]
[BlackFideId "12994219"]
[EventDate "2020.05.26"]

1. d4 d5 2. c4 c6 3. Nc3 Nf6 4. Nf3 dxc4 5. a4 Bf5 6. Ne5 Nbd7 7. Nxc4 Nb6 8.
Ne5 a5 9. f3 e6 10. e4 Bg6 11. Be2 Bb4 12. Bg5 c5 13. Bb5+ Kf8 14. Nxg6+ hxg6
15. Be3 Qc7 16. dxc5 Bxc5 17. Bxc5+ Qxc5 18. Qe2 Rd8 19. g3 Kg8 20. Kf1 Kh7 21.
Kg2 Rd4 22. Rhd1 Rhd8 23. Rxd4 Rxd4 24. Rd1 Rxd1 25. Nxd1 Qb4 26. Nc3 Nfd7 27.
Qf2 e5 28. f4 Nc5 29. Qc2 exf4 30. gxf4 Nc4 31. Bxc4 Qxc4 32. Kf3 Nd3 33. Ke3
Nb4 34. Qe2 Qb3 35. Qd2 Na2 36. e5 Nxc3 37. Qxc3 Qxa4 38. b3 Qb5 39. Qc4 Qxc4
40. bxc4 b6 41. Kd3 Kg8 42. Kc3 Kf8 43. Kb3 Ke7 44. Ka4 Kd7 45. Kb5 Kc7 46. h4
Kb7 47. c5 bxc5 48. Kxc5 Ka6 49. Kd6 a4 50. Ke7 a3 51. Kxf7 a2 52. Kxg7 a1=Q 53.
Kxg6 Qg1+ 54. Kf6 Qg4 55. f5 Qxh4+ 56. Ke6 Qc4+ 57. Ke7 Qc7+ 58. Kf6 Qd8+ 59.
Kf7 Qd5+ 60. Kf6 Qd8+ 61. Ke6 Qe8+ 62. Kd6 Kb6 63. e6 Qd8+ 64. Ke5 Kc7 65. f6
Qd6+ 66. Kf5 Qd5+ 67. Kg6 Qxe6 68. Kg7 Kd7 69. f7 Qe5+ 70. Kg8 Qg5+ 71. Kf8 Ke6
72. Ke8 Qe7# 0-1

[Event "Euro Online U2300 Day 2"]
[Site "chess.com INT"]
[Date "2020.05.26"]
[Round "5"]
[White "Afonasieva, Anna"]
[Black "Tereladze, Sopiko"]
[Result "1-0"]
[WhiteTitle "WIM"]
[BlackTitle "WIM"]
[WhiteElo "2274"]
[BlackElo "2141"]
[WhiteFideId "24173606"]
[BlackFideId "13600486"]
[EventDate "2020.05.26"]

1. d4 Nf6 2. Bf4 e6 3. e3 c5 4. c3 Nc6 5. Nd2 b6 6. Ngf3 Bb7 7. Bd3 Be7 8. h3 d6
9. O-O O-O 10. Qe2 Rc8 11. Ba6 Bxa6 12. Qxa6 Qd7 13. Rad1 cxd4 14. exd4 Nd5 15.
Bh2 Rfe8 16. Rfe1 Bf8 17. Nf1 g6 18. Ne3 Nce7 19. Nd2 Nxe3 20. Rxe3 Nd5 21. Ree1
Bg7 22. Ne4 Rc6 23. a3 f5 24. Ng5 h6 25. Nf3 Kf7 26. c4 Nf6 27. Qa4 Rc7 28.
Qxd7+ Rxd7 29. c5 Bf8 30. cxd6 Bxd6 31. Rc1 Ne4 32. Bxd6 Rxd6 33. Ne5+ Kf6 34.
f3 Nd2 35. Re2 Nb3 36. Rc7 Re7 37. Rxe7 Kxe7 38. Nxg6+ Kf6 39. Nf4 Nxd4 40. Re1
e5 41. Nh5+ Kg5 42. Ng3 Nc6 43. Re2 h5 44. h4+ Kg6 45. Kf2 Re6 46. Rd2 Nd4 47.
Nf1 f4 48. g3 Nf5 49. Rd7 a5 50. Rd8 fxg3+ 51. Nxg3 Nxh4 52. Rg8+ Kf7 53. Rb8
Rf6 54. Nxh5 Rxf3+ 55. Ke2 Rb3 56. Rb7+ Ke6 57. Ng7+ Kd5 58. Rb8 Ke4 59. Ne6
Rxb2+ 60. Kf1 Nf3 61. Rc8 Rb3 62. Kf2 Rxa3 63. Ng7 Ra2+ 64. Kg3 Nd4 65. Nh5 Nf5+
66. Kg4 b5 67. Nf6+ Kd4 68. Kxf5 Rf2+ 69. Ke6 b4 70. Rd8+ Kc3 71. Ne4+ Kc2 72.
Nxf2 b3 73. Rc8+ Kb2 74. Nd3+ Ka2 75. Rc4 Ka3 76. Kxe5 a4 77. Kd4 b2 78. Nxb2
Kb3 79. Nxa4 1-0

[Event "Euro Online U2300 Day 2"]
[Site "chess.com INT"]
[Date "2020.05.26"]
[Round "5"]
[White "Krallis, Christos"]
[Black "Nalbant, Tuna Onat"]
[Result "1/2-1/2"]
[BlackTitle "IM"]
[WhiteElo "2284"]
[BlackElo "2372"]
[WhiteFideId "4298896"]
[BlackFideId "6372821"]
[EventDate "2020.05.26"]

1. d4 Nf6 2. c4 g6 3. Nc3 d5 4. Qa4+ c6 5. cxd5 Nxd5 6. e4 Nxc3 7. bxc3 Bg7 8.
Nf3 O-O 9. Be2 c5 10. O-O Nc6 11. Be3 cxd4 12. cxd4 Qa5 13. Qxa5 Nxa5 14. Rac1
Rd8 15. d5 e6 16. Bg5 f6 17. Bd2 b6 18. Bxa5 bxa5 19. Nd4 exd5 20. exd5 f5 21.
Nc6 Re8 22. Bf3 Bd7 23. d6 Kf7 24. Ne7 Rab8 25. Bd5+ Be6 26. d7 Rxe7 27. Bxe6+
Kxe6 28. Rc8 Rxd7 29. Rxb8 Rd2 30. Re1+ Kf7 31. Rb7+ Kf6 32. Rxa7 Rxa2 33. Ra6+
Kg5 34. g3 Bd4 35. Rf1 Kg4 36. Kg2 a4 37. h3+ Kg5 38. Rd6 Bc5 39. Rdd1 a3 40.
Ra1 Rd2 41. h4+ Kg4 42. Rac1 Bb6 43. Rc4+ Kh5 44. Ra4 Bc5 45. Ra5 Bb4 46. Ra7 h6
47. Kh3 g5 48. hxg5 hxg5 49. Kg2 Kg4 50. Ra4 Rb2 51. Rh1 f4 52. gxf4 gxf4 53.
Rh7 f3+ 54. Kg1 a2 55. Rha7 Rb1+ 56. Kh2 a1=Q 57. Rxb4+ Rxb4 58. Rxa1 Rb2 59.
Ra4+ Kg5 60. Kg3 Rb3 61. Ra5+ Kg6 62. Kf4 Kf6 63. Ra6+ Kf7 64. Rd6 Ke7 65. Rd4
Kf6 66. Re4 Kg6 67. Re6+ Kf7 68. Re3 Rb2 69. Kxf3 Kf6 70. Kg3 Kg5 71. Ra3 Kf5
72. Ra5+ Kf6 73. f4 Rb6 74. Kg4 Kf7 75. Ra7+ Kg8 76. Kg5 Rc6 77. f5 Rc1 78. Kf6
Rc6+ 79. Kg5 Rb6 80. Rc7 Ra6 81. f6 Ra1 82. Rg7+ Kf8 83. Rb7 Rg1+ 84. Kf5 Rf1+
85. Ke5 Re1+ 86. Kf4 Rf1+ 87. Kg5 Rg1+ 88. Kf5 Rf1+ 89. Kg6 Rg1+ 90. Kh5 Rh1+
91. Kg4 Rg1+ 92. Kh3 Rf1 93. Rb8+ Kf7 94. Kg2 Rxf6 95. Rb7+ Kg6 96. Rb3 1/2-1/2

[Event "Euro Online U2300 Day 2"]
[Site "chess.com INT"]
[Date "2020.05.26"]
[Round "5"]
[White "Goltseva, Ekaterina"]
[Black "Sahakyan, Arman K."]
[Result "1/2-1/2"]
[WhiteTitle "FM"]
[WhiteElo "2306"]
[BlackElo "1775"]
[WhiteFideId "24173770"]
[BlackFideId "13310992"]
[EventDate "2020.05.26"]

1. d4 Nf6 2. c4 d6 3. Nf3 Nbd7 4. Nc3 e5 5. g3 Be7 6. Bg2 O-O 7. O-O c6 8. e4 a6
9. a4 a5 10. h3 Qc7 11. Be3 Rd8 12. Qc2 Bf8 13. Rad1 exd4 14. Nxd4 g6 15. f4 Nc5
16. Nb3 Na6 17. Qf2 Qe7 18. Nxa5 Nb4 19. Nb3 Be6 20. Qe2 Bg7 21. Nd4 Bd7 22. Bf2
Re8 23. Rfe1 h6 24. Qd2 Na6 25. Nb3 Be6 26. Qe2 Nd7 27. f5 Bxc3 28. bxc3 Bxf5
29. Qd2 Be6 30. Qxh6 Bxc4 31. Nd2 Ne5 32. Bd4 b5 33. axb5 cxb5 34. Nf3 Nc5 35.
Ng5 f6 36. Bxe5 dxe5 37. Qxg6+ Qg7 38. Qxg7+ Kxg7 39. Nf3 Ra3 40. Ra1 Rea8 41.
Rxa3 Rxa3 42. Rc1 Na4 43. Nd2 Nxc3 44. Nxc4 bxc4 45. Kh2 Kf7 46. h4 Ne2 47. Rxc4
Nxg3 48. Rc7+ Kg6 49. Rc6 Nh5 50. Bh3 Ra2+ 51. Kg1 Ng3 52. Rc4 Re2 53. Bg2 Rd2
54. Ra4 Ne2+ 55. Kf1 Nf4 56. Bf3 Rh2 57. Ra8 Rxh4 58. Kf2 Rh2+ 59. Kg3 Rh3+ 60.
Kg4 Rh2 61. Kg3 Rd2 62. Rg8+ Kf7 63. Ra8 Rd3 64. Kf2 Rb3 65. Ra7+ Kg6 66. Bg4
Nd3+ 67. Ke2 Nc5 68. Bf5+ Kg5 69. Rg7+ Kh5 70. Rh7+ Kg5 71. Rg7+ Kh4 72. Rg4+
Kh5 73. Rg6 Rb2+ 74. Ke3 Rb3+ 75. Ke2 Rb6 76. Rg8 Nb3 77. Rh8+ Kg5 78. Rg8+ Kh4
79. Rh8+ Kg3 80. Rh3+ Kg2 81. Ke3 Nd4 82. Rh5 Rb3+ 83. Kd2 Rf3 84. Bd7 Rf4 85.
Rh6 Rxe4 86. Rxf6 Nf3+ 87. Kc2 Rc4+ 88. Kd3 Rd4+ 89. Ke3 Rxd7 90. Rg6+ Kf1 91.
Kxf3 Rd4 92. Rg5 e4+ 93. Ke3 Ra4 94. Rg4 Ra3+ 95. Kxe4 Ra4+ 96. Kf5 Rxg4 97.
Kxg4 1/2-1/2

[Event "Euro Online U2300 Day 2"]
[Site "chess.com INT"]
[Date "2020.05.26"]
[Round "5"]
[White "Tsaruk, Maksim"]
[Black "Alexakis, Dimitris"]
[Result "1/2-1/2"]
[WhiteTitle "FM"]
[BlackTitle "FM"]
[WhiteElo "2302"]
[BlackElo "2450"]
[WhiteFideId "13511173"]
[BlackFideId "4277023"]
[EventDate "2020.05.26"]

1. e4 c5 2. Nf3 e6 3. d4 cxd4 4. Nxd4 Nc6 5. Nc3 Qc7 6. Be3 a6 7. a3 b5 8. Be2
Bb7 9. Nxc6 Bxc6 10. Qd4 Nf6 11. O-O-O e5 12. Qd3 b4 13. axb4 Bxb4 14. Nd5 Nxd5
15. exd5 Bb5 16. Qe4 Qa5 17. c4 O-O-O 18. cxb5 Kb8 19. Kb1 Rc8 20. Rd3 Qa4 21.
Bd1 Qxb5 22. Rb3 a5 23. Bd2 Rc4 24. Bxb4 axb4 25. Qxe5+ Kb7 26. Be2 Rhc8 27.
Bxc4 Qxc4 28. Rxb4+ Qxb4 29. Rc1 Rxc1+ 30. Kxc1 f6 31. Qf5 Qc4+ 32. Kd2 Qd4+ 33.
Kc2 Qc4+ 34. Kb1 Qf1+ 35. Ka2 Qc4+ 36. Ka3 Qc5+ 37. Kb3 Qb5+ 38. Kc3 Qc5+ 39.
Kd3 Qb5+ 40. Ke3 Qb3+ 41. Kf4 Kc7 42. Qxh7 Qxb2 43. Kg3 Qe5+ 44. f4 Qe3+ 45. Kg4
Qe2+ 46. Kh3 Qe3+ 47. g3 g5 48. Qf5 gxf4 49. Qxf4+ Qxf4 50. gxf4 Kd6 51. Kg4
Kxd5 52. Kf5 Kc4 53. h4 d5 54. h5 d4 55. h6 d3 56. h7 d2 57. h8=Q d1=Q 58. Qc8+
Kb5 59. Qb7+ Kc5 60. Qc7+ Kb5 61. Kxf6 Qg4 62. Qe5+ Kb4 63. f5 Qh4+ 64. Kg6 Qg4+
65. Kh7 Qh5+ 66. Kg7 Qg5+ 67. Kf7 Qh5+ 68. Ke7 Qh7+ 69. Kd6 Qh6+ 70. f6 Kc4 71.
Qd5+ Kb4 72. Ke7 Qe3+ 73. Qe6 Qa7+ 74. Qd7 Qe3+ 75. Kf8 Qh6+ 76. Qg7 Qf4 77. f7
Qb8+ 78. Ke7 Qc7+ 79. Kf6 Qd6+ 80. Kg5 Qd5+ 81. Kg6 Qe4+ 82. Kh5 Qh1+ 83. Kg5
Qg2+ 84. Kf6 Qb2+ 85. Kg6 Qc2+ 86. Kh6 Qh2+ 87. Kg5 Qg3+ 88. Kf6 Qc3+ 89. Kg6
Qd3+ 90. Kh6 Qh3+ 91. Kg6 Qd3+ 92. Kh5 Qh3+ 93. Kg5 Qg3+ 94. Kh6 Qh4+ 95. Kg6
Qe4+ 96. Kg5 Qg2+ 97. Kf6 Qb2+ 98. Kg6 1/2-1/2

[Event "Euro Online U2300 Day 2"]
[Site "chess.com INT"]
[Date "2020.05.26"]
[Round "5"]
[White "Ohanyan, Emin"]
[Black "Tsaknakis, Zisis"]
[Result "1/2-1/2"]
[WhiteTitle "FM"]
[WhiteElo "2291"]
[BlackElo "2217"]
[WhiteFideId "13312022"]
[BlackFideId "4259963"]
[EventDate "2020.05.26"]

1. e4 c5 2. Nf3 d6 3. d4 cxd4 4. Nxd4 Nf6 5. Nc3 a6 6. Be3 e5 7. Nb3 Be7 8. h3
O-O 9. Qf3 Nc6 10. O-O-O a5 11. a4 Nb4 12. g4 Be6 13. g5 Nd7 14. h4 Qc8 15. Kb1
b5 16. Bxb5 Rb8 17. h5 Rxb5 18. axb5 a4 19. Na5 Qc7 20. Nc6 Nxc6 21. bxc6 Qxc6
22. Nd5 Bd8 23. Qe2 a3 24. b3 Bxd5 25. Rxd5 Qc3 26. Bc1 a2+ 27. Kxa2 Bb6 28. Bb2
Ra8+ 29. Kb1 Qc6 30. Qb5 Qc7 31. Rhd1 Bc5 32. b4 Rb8 33. Qxb8+ Qxb8 34. bxc5
Nxc5 35. Rxd6 Ne6 36. g6 hxg6 37. hxg6 Kf8 38. gxf7 Kxf7 39. Rd7+ Kf6 40. R1d5
Nd4 41. R7d6+ Kf7 42. Rd7+ Kg6 43. R5d6+ Kh7 44. Rxd4 exd4 45. Rxd4 Qb5 46. c4
Qb4 47. Kc2 Kg6 48. f4 Qe1 49. f5+ Kg5 50. Bc1+ Kg4 51. Bd2 Qa1 52. Bc3 Qa2+ 53.
Bb2 Qa4+ 54. Kc3 Qa5+ 55. Kc2 Qe1 56. Bc3 Qe2+ 57. Kb3 Kf4 58. f6 gxf6 59. e5+
Kf5 60. exf6 Qe6 61. Rd5+ Kg6 62. Rb5 Qd6 63. Rb4 Qd1+ 64. Ka3 Qc2 65. Bb2 Kf7
66. Rb7+ Kf8 67. Rb8+ Kf7 68. Rb7+ Kf8 69. Rb4 Kf7 70. Ra4 Ke6 71. Ra6+ Kf7 72.
Ra4 Ke6 73. c5 Qxc5+ 74. Rb4 Qa5+ 75. Kb3 Qd5+ 76. Kc2 Qc5+ 77. Bc3 Qd5 78. Rb6+
Kf7 79. Rb4 Qc6 80. Kb3 Qd5+ 81. Kb2 Qc6 82. Rb3 Qd5 83. Ka3 Ke6 84. Rb6+ Kf7
85. Kb4 Qd3 86. Rb7+ Kf8 87. Rb5 Kf7 88. Rc5 Qd6 89. Kc4 Qa6+ 90. Kb4 Qd6 91.
Kb5 Qb8+ 92. Ka6 Qa8+ 93. Kb6 Qb8+ 94. Kc6 Qc8+ 95. Kb5 Qb7+ 96. Ka4 Qa6+ 97.
Ba5 Kxf6 98. Rb5 Ke7 99. Rb6 Qc4+ 100. Bb4+ Kd7 101. Rd6+ Kc7 102. Ka3 Qc2 103.
Rd4 Qc1+ 104. Kb3 Kb6 105. Bc3 Kb5 106. Rd5+ Kc6 107. Rd4 Kc5 108. Rc4+ Kd5 109.
Rd4+ Kc5 110. Rc4+ Kb5 111. Rb4+ Kc6 112. Rc4+ Kd5 113. Rd4+ Ke6 114. Bb2 Qc5
115. Rc4 Qb5+ 116. Rb4 Qd3+ 117. Bc3 Qb1+ 118. Bb2 Qd1+ 119. Kc3 Qe1+ 120. Kb3
Kd5 121. Rd4+ Kc5 122. Rc4+ Kb5 123. Rd4 Qe6+ 124. Kc2 Qe2+ 125. Kb3 Qe3+ 126.
Bc3 Qf3 127. Rb4+ Kc5 128. Rc4+ Kd5 129. Rd4+ Kc5 130. Rc4+ Kb5 131. Rb4+ Kc6
132. Rc4+ Kd5 133. Rd4+ Ke6 134. Kc2 Qe2+ 135. Kb3 Qb5+ 136. Kc2 Qe2+ 137. Kb3
Qf1 138. Kc2 Qe2+ 1/2-1/2

[Event "Euro Online U2300 Day 2"]
[Site "chess.com INT"]
[Date "2020.05.26"]
[Round "6"]
[White "Nikac, Predrag"]
[Black "Melnikov, Sergey"]
[Result "1/2-1/2"]
[WhiteTitle "IM"]
[WhiteElo "2313"]
[BlackElo "2039"]
[WhiteFideId "908975"]
[BlackFideId "34141062"]
[EventDate "2020.05.26"]

1. d4 Nf6 2. Bg5 Ne4 3. h4 d5 4. Nd2 Nxd2 5. Qxd2 h6 6. Bf4 Bf5 7. e3 e6 8. Bd3
Bxd3 9. Qxd3 c6 10. Nf3 Bd6 11. Bxd6 Qxd6 12. c3 Nd7 1/2-1/2

[Event "Euro Online U2300 Day 2"]
[Site "chess.com INT"]
[Date "2020.05.26"]
[Round "6"]
[White "Doric, Nenad"]
[Black "Karacsonyi, Gellert"]
[Result "1/2-1/2"]
[WhiteTitle "IM"]
[BlackTitle "FM"]
[WhiteElo "2249"]
[BlackElo "2292"]
[WhiteFideId "14501694"]
[BlackFideId "764620"]
[EventDate "2020.05.26"]

1. e4 c5 2. Nf3 Nc6 3. c3 Nf6 4. e5 Nd5 5. d4 cxd4 6. cxd4 d6 7. Bc4 Nb6 8. Bb5
e6 9. O-O Be7 10. Nc3 O-O 11. exd6 Qxd6 12. Bd3 Rd8 13. Be3 1/2-1/2

[Event "Euro Online U2300 Day 2"]
[Site "chess.com INT"]
[Date "2020.05.26"]
[Round "6"]
[White "Saveliev, Alexei"]
[Black "Manukyan, Artyom"]
[Result "1/2-1/2"]
[WhiteTitle "IM"]
[WhiteElo "2352"]
[BlackElo "2148"]
[WhiteFideId "24128546"]
[BlackFideId "13305786"]
[EventDate "2020.05.26"]

1. e4 e5 2. Nf3 Nc6 3. Be2 Nf6 4. d3 Bc5 5. O-O O-O 6. c3 d5 7. Nbd2 a5 8. b3
Re8 9. a3 Ba7 10. Bb2 h6 11. b4 axb4 12. axb4 b5 1/2-1/2

[Event "Euro Online U2300 Day 2"]
[Site "chess.com INT"]
[Date "2020.05.26"]
[Round "6"]
[White "Baskin, Robert"]
[Black "Kamer, Kayra"]
[Result "1/2-1/2"]
[WhiteTitle "IM"]
[BlackTitle "FM"]
[WhiteElo "2390"]
[BlackElo "2325"]
[WhiteFideId "24662402"]
[BlackFideId "6367879"]
[EventDate "2020.05.26"]

1. e4 c5 2. Nf3 e6 3. d4 cxd4 4. Nxd4 a6 5. Bd3 Bc5 6. Nb3 Be7 7. Qg4 g6 8. Qe2
d6 9. O-O Nd7 10. Nc3 Qc7 11. Bd2 b6 12. Rae1 Bb7 13. Kh1 Ngf6 14. Bh6 b5 1/2-1/2

[Event "Euro Online U2300 Day 2"]
[Site "chess.com INT"]
[Date "2020.05.26"]
[Round "6"]
[White "Toczek, Grzegorz"]
[Black "Dalkowski, Rafal"]
[Result "1-0"]
[WhiteTitle "FM"]
[WhiteElo "2271"]
[BlackElo "1877"]
[WhiteFideId "1106457"]
[BlackFideId "21862460"]
[EventDate "2020.05.26"]

1. e4 c6 2. d4 d5 3. Nd2 dxe4 4. Nxe4 Bf5 5. Ng3 Bg6 6. Nh3 e6 7. Nf4 Bd6 8. c3
Qc7 9. Qf3 Nd7 10. Bc4 O-O-O 11. Nxg6 fxg6 12. Bg5 Ngf6 13. O-O-O Rhe8 14. Rhe1
Qa5 15. Bxf6 Nxf6 16. Bxe6+ Kb8 17. Bb3 Qg5+ 18. Kb1 h5 19. h3 h4 20. Ne4 Nxe4
21. Rxe4 Rxe4 22. Qxe4 Re8 23. Qxe8+ 1-0

[Event "Euro Online U2300 Day 2"]
[Site "chess.com INT"]
[Date "2020.05.26"]
[Round "6"]
[White "Vanek, Tomas"]
[Black "Laptii, Nazar"]
[Result "0-1"]
[WhiteTitle "FM"]
[WhiteElo "2080"]
[BlackElo "2180"]
[WhiteFideId "313459"]
[BlackFideId "14174332"]
[EventDate "2020.05.26"]

1. e4 c5 2. Nf3 d6 3. b3 Nf6 4. Bd3 e5 5. O-O Be7 6. Re1 O-O 7. Nc3 Nc6 8. Bf1
Nd4 9. Nxd4 cxd4 10. Nb1 Be6 11. c4 Nd7 12. d3 f5 13. Nd2 f4 14. f3 Bh4 15. Re2
Nc5 16. Nb1 a5 17. Ba3 g5 18. Bxc5 dxc5 19. Rc2 h5 20. a4 g4 21. Na3 Bg3 22. Qd2
Bxh2+ 23. Kxh2 g3+ 24. Kg1 Qh4 0-1

[Event "Euro Online U2300 Day 2"]
[Site "chess.com INT"]
[Date "2020.05.26"]
[Round "6"]
[White "Tsereteli, Tornike"]
[Black "Jakubowska, Anna"]
[Result "0-1"]
[BlackTitle "WIM"]
[WhiteElo "1735"]
[BlackElo "2073"]
[WhiteFideId "13612565"]
[BlackFideId "1121952"]
[EventDate "2020.05.26"]

1. e4 c6 2. d4 d5 3. Nc3 dxe4 4. Nxe4 Nf6 5. Nxf6+ gxf6 6. Bf4 Bf5 7. Qd2 Nd7 8.
O-O-O e6 9. Nf3 Nb6 10. Kb1 Nd5 11. Bg3 Nb4 12. Bd3 Bxd3 13. cxd3 Qd5 14. b3 a5
15. Qc3 a4 16. Rd2 axb3 17. axb3 Qb5 18. Ne1 Nd5 19. Qb2 Ra3 20. Kc2 Ra2 21.
Qxa2 Nb4+ 22. Kb2 Nxa2 23. Kxa2 Qa5+ 24. Kb1 Qxd2 0-1

[Event "Euro Online U2300 Day 2"]
[Site "chess.com INT"]
[Date "2020.05.26"]
[Round "6"]
[White "Rajkovic, Dusan"]
[Black "Tsaknakis, Zisis"]
[Result "1-0"]
[WhiteTitle "GM"]
[WhiteElo "2267"]
[BlackElo "2217"]
[WhiteFideId "900265"]
[BlackFideId "4259963"]
[EventDate "2020.05.26"]

1. d4 Nf6 2. c4 g6 3. Nc3 Bg7 4. e4 O-O 5. f3 d6 6. Bg5 c5 7. d5 h6 8. Be3 e6 9.
Qd2 exd5 10. cxd5 Re8 11. Nge2 a6 12. Bxh6 Nxe4 13. Nxe4 Qh4+ 14. g3 Qxh6 15.
Nf6+ Kf8 16. Qxh6 Bxh6 17. Nxe8 Kxe8 18. f4 Nd7 19. Nc3 b5 20. h4 Nf6 21. Bh3
Bb7 22. O-O-O Rb8 23. Rhe1+ Kd8 24. Ne4 Nxe4 25. Rxe4 Bg7 26. Rde1 Bf6 27. Re8+
Kc7 28. Rxb8 Kxb8 29. Re8+ Kc7 30. Bg2 Bd4 31. g4 Bc8 32. Bf3 Bf2 33. h5 gxh5
34. gxh5 Bg3 35. Re7+ Kd8 36. Rxf7 Ke8 37. Rh7 Bxf4+ 38. Kd1 c4 39. Rh8+ Kd7 40.
Bg4+ 1-0

[Event "Euro Online U2300 Day 2"]
[Site "chess.com INT"]
[Date "2020.05.26"]
[Round "6"]
[White "Kanyamarala, Tarun"]
[Black "Dudin, Gleb"]
[Result "0-1"]
[WhiteTitle "FM"]
[BlackTitle "FM"]
[WhiteElo "2381"]
[BlackElo "2387"]
[WhiteFideId "45004714"]
[BlackFideId "34184934"]
[EventDate "2020.05.26"]

1. d4 d5 2. c4 c6 3. Nc3 Nf6 4. Nf3 dxc4 5. e4 b5 6. e5 Nd5 7. Be2 e6 8. O-O h6
9. Bd2 Bb7 10. Ne4 Nd7 11. a4 a6 12. b3 cxb3 13. Qxb3 Be7 14. Ne1 Qb6 15. Nc2 f5
16. exf6 N7xf6 17. Nxf6+ gxf6 18. Bh5+ Kd7 19. Rfe1 Bd6 20. Bf7 Rae8 21. Bxe8+
Rxe8 22. axb5 cxb5 23. Qg3 Bxg3 0-1

[Event "Euro Online U2300 Day 2"]
[Site "chess.com INT"]
[Date "2020.05.26"]
[Round "6"]
[White "Klimkowski, Jan"]
[Black "Brilej, Jaka"]
[Result "1/2-1/2"]
[BlackTitle "CM"]
[WhiteElo "2193"]
[BlackElo "2228"]
[WhiteFideId "21856222"]
[BlackFideId "14618818"]
[EventDate "2020.05.26"]

1. e4 c5 2. Nf3 Nc6 3. d4 cxd4 4. Nxd4 Nf6 5. Nc3 e5 6. Ndb5 d6 7. Nd5 Nxd5 8.
exd5 Nb8 9. c4 Be7 10. Be2 O-O 11. O-O a6 12. Nc3 f5 13. f4 Nd7 14. Be3 Bf6 15.
Qd2 exf4 16. Bxf4 Ne5 17. Be3 Bd7 18. Rae1 Rc8 19. b3 b5 20. cxb5 Rxc3 21. bxa6
Rc8 22. Rc1 Ng4 23. Bxg4 fxg4 24. a4 Be5 25. Rxc8 Bxc8 26. Rxf8+ Qxf8 27. Qd3 1/2-1/2

[Event "Euro Online U2300 Day 2"]
[Site "chess.com INT"]
[Date "2020.05.26"]
[Round "6"]
[White "Kashtanov, Ruslan"]
[Black "Luczak, Filip"]
[Result "0-1"]
[WhiteTitle "IM"]
[BlackTitle "CM"]
[WhiteElo "2376"]
[BlackElo "2240"]
[WhiteFideId "4124871"]
[BlackFideId "1193686"]
[EventDate "2020.05.26"]

1. e4 c5 2. Nf3 e6 3. d4 cxd4 4. Nxd4 Nf6 5. Nc3 Nc6 6. Nxc6 bxc6 7. e5 Nd5 8.
Ne4 Bb7 9. Bd3 Qc7 10. f4 Qb6 11. c4 Bb4+ 12. Ke2 f5 13. Nf2 Ne7 14. Be3 Bc5 15.
Bxc5 Qxc5 16. Qd2 g5 17. g3 Ng6 18. Nh3 gxf4 19. gxf4 Rd8 20. b4 Qe7 21. c5 Qh4
22. Qe3 Qxh3 0-1

[Event "Euro Online U2300 Day 2"]
[Site "chess.com INT"]
[Date "2020.05.26"]
[Round "6"]
[White "Gorodetzky, Matan"]
[Black "Lisin, Egor"]
[Result "1-0"]
[WhiteTitle "FM"]
[WhiteElo "2284"]
[BlackElo "1943"]
[WhiteFideId "2813394"]
[BlackFideId "34147257"]
[EventDate "2020.05.26"]

1. e4 d5 2. exd5 Nf6 3. Nf3 Nxd5 4. d4 Bg4 5. c4 Nb6 6. c5 N6d7 7. Bc4 e6 8. h3
Bh5 9. O-O Be7 10. Be3 Nc6 11. Nbd2 O-O 12. b4 a6 13. Qb3 Nf6 14. a4 a5 15. b5
Nb4 16. Ne5 Nfd5 17. g4 Bg6 18. Nxg6 hxg6 19. Ne4 Nxe3 20. fxe3 Bg5 21. Rf3 Kh7
22. Raf1 f5 23. Bxe6 fxe4 24. Rxf8 Qxf8 25. Rxf8 Rxf8 26. Bf7 Nd3 27. Qe6 Bxe3+
28. Kh1 Nf4 29. Qe7 Rh8 30. Qxe4 Bc1 31. Qe1 1-0

[Event "Euro Online U2300 Day 2"]
[Site "chess.com INT"]
[Date "2020.05.26"]
[Round "6"]
[White "Patrelakis, Evaggelos"]
[Black "Ghukasyan, Siranush"]
[Result "1-0"]
[BlackTitle "WIM"]
[WhiteElo "2259"]
[BlackElo "2222"]
[WhiteFideId "4295102"]
[BlackFideId "13300946"]
[EventDate "2020.05.26"]

1. e4 e5 2. Nf3 Nc6 3. Bc4 Bc5 4. c3 Nf6 5. d3 d6 6. h3 O-O 7. Bb3 a6 8. Nbd2
Ne7 9. Nf1 Ng6 10. Ng3 d5 11. Bg5 d4 12. cxd4 Bxd4 13. O-O Nf4 14. Nxd4 Qxd4 15.
Bxf6 gxf6 16. Nh5 Nxh5 17. Qxh5 Qxd3 18. Rfe1 Be6 19. Rad1 Qb5 20. Qh6 Bxb3 21.
Re3 1-0